000 00427cam a2200181ua 4500
020 _c16.75
041 _amal
_h
082 _a894.812308
_bBIM/VI
100 _aBimalmitra, .
245 _aVilaykku vangaam /
_cBimalmitra.
_hTextual Documents
250 _a1 /
_b.
260 _aKollam :
_bJanayugam Books ,
_c1964.
300 _a716 ; .
365 _a16.75
504 _a
942 _cBK
999 _c6660
_d6660